Calculators in mathematics education / (Record no. 117715)

MARC details
000 -LEADER
fixed length control field 00752nam a22002057a 4500
005 - DATE AND TIME OF LATEST TRANSACTION
control field 20160705110451.0
008 - FIXED-LENGTH DATA ELEMENTS--GENERAL INFORMATION
fixed length control field 160705b vau||||| |||| 00| 0 eng d
020 ## - INTERNATIONAL STANDARD BOOK NUMBER
International Standard Book Number 0873533429
050 04 - LIBRARY OF CONGRESS CALL NUMBER
Classification number QA20.C34
Item number C35 1992
245 10 - TITLE STATEMENT
Title Calculators in mathematics education /
Statement of responsibility, etc James T. Fey, Christian R. Hirsch, eds.
250 ## - EDITION STATEMENT
Edition statement 1a ed.
260 ## - PUBLICATION, DISTRIBUTION, ETC. (IMPRINT)
Place of publication, distribution, etc Reston, virginia :
Name of publisher, distributor, etc National Council of Teachers of Mathematics,
Date of publication, distribution, etc c1992.
300 ## - PHYSICAL DESCRIPTION
Extent 248 paginas. :
Dimensions 23 cm.
490 ## - SERIES STATEMENT
Series statement Yearbook / national council of teachers of mathematics 1992
504 ## - BIBLIOGRAPHY, ETC. NOTE
Bibliography, etc Incluye referencias e índice
650 #7 - SUBJECT ADDED ENTRY--TOPICAL TERM
Source of heading or term Lemb
Topical term or geographic name as entry element Matemáticas
General subdivision Estudio y enseñanza Calculadoras
700 1# - ADDED ENTRY--PERSONAL NAME
Personal name Fey, James T.,
Relator term editor
700 1# - ADDED ENTRY--PERSONAL NAME
Personal name Hirsch, Christian R.,
Relator term editor
942 ## - ADDED ENTRY ELEMENTS (KOHA)
Source of classification or shelving scheme Biblioteca del Cogreso de los Estados Unidos
Koha item type Libro
Holdings
Estado de pérdida Fuente de clasificación Estado del daño No para préstamo Ubicación permanente Ubicación actual Apartado o colección Fecha de adquisición Fuente de adquisición Edición Dependencia de educación superior (DES) Área del conocimiento Clasificación Código de Barras Date last seen Número de copia Tipo de recurso Nota pública
  Biblioteca del Cogreso de los Estados Unidos     Biblioteca de la Facultad de Físico Matemáticas Biblioteca de la Facultad de Físico Matemáticas General 05/07/2016 Donación 1a ed. Ingeniería y Arquitectura Ingeniería y Tecnología QA20.C34 C35 1992 C:1 FFM000011672 05/07/2016 C:1 Libro Lectura